[Event "Olympiad"]
[Site "masterchessopen.com Salonika (Greece)"]
[Round "0"]
[White "Gamarra Caceres Carlos (PAR)"]
[Black "Sokolov Ivan (NED)"]
[Result "0-1"]
[WhiteElo "2233"]
[BlackElo "2570"]

1.d4 Nf6 2.c4 g6 3.Nc3 d5 4.Bf4 Bg7 5.e3 c5 6.dxc5 Qa5 7.Qa4+ Qxa4 8.Nxa4 O-O
9.Nf3 Be6 10.Nd4 Bd7 11.Nc3 dxc4 12.Bxc4 Rc8 13.Nb3 a5 14.Bxb8 Raxb8 15.a4 e6
16.O-O Bf8 17.Rfd1 Bxc5 18.Nxc5 Rxc5 19.Bb5 Bxb5 20.axb5 b6 21.e4 Kf8 22.Rd4
Ke7 23.Rad1 g5 24.f3 Rbc8 25.Rd6 Rb8 26.R1d4 Nd5 27.R6xd5 exd5 28.exd5 Rbc8
29.Re4+ Kd6 30.h4 h6 31.hxg5 hxg5 32.Rg4 Rxc3 33.bxc3 Rxc3 34.Rxg5 a4 35.Rg8
a3 36.Kh2 Kxd5 37.Ra8 Kc4 38.f4 Kb3 39.Ra6 a2 {#R} 0-1

[Event "Ch Schleswig Holstein"]
[Site "masterchessopen.com Schleswig Holstein (Germany)"]
[Round "2"]
[White "Willsch Matthias (GER)"]
[Black "Sislian Hanno (GER)"]
[Result "0-1"]
[WhiteElo "2269"]
[BlackElo "2252"]

1.d4 Nf6 2.c4 g6 3.Nc3 d5 4.Bf4 Bg7 5.e3 c5 6.dxc5 Qa5 7.Rc1 Ne4 8.cxd5 Nxc3
9.Qd2 Qxa2 10.bxc3 Qa5 11.Nf3 Qxc5 12.Be5 Bxe5 13.Nxe5 Nd7 14.Nxd7 Bxd7 15.Be2
O-O 16.O-O b5 17.Kh1 a5 18.e4 Rfc8 19.f4 b4 20.cxb4 Qxb4 21.Qe3 Rxc1 22.Rxc1
Rc8 23.Rxc8+ Bxc8 24.Qc1 Bd7 25.Bd3 Bb5 26.Bxb5 Qxb5 27.Qc8+ Kg7 28.Qc3+ f6
29.Kg1 Qb4 30.Qe3 a4 31.e5 a3 32.Kf2 Qb2+ 33.Kg3 a2 34.d6 a1=Q 35.dxe7 Qa4
36.exf6+ Kf7 37.f5 Qxf6 {#R} 0-1

[Event "Ch Yugoslavia"]
[Site "masterchessopen.com Yugoslavia"]
[Round "0"]
[White "Sokolov Ivan (NED)"]
[Black "Mukic Josko (CRO)"]
[Result "1-0"]
[WhiteElo "2570"]
[BlackElo "2327"]

1.d4 Nf6 2.c4 g6 3.Nc3 d5 4.Bf4 Bg7 5.e3 c5 6.dxc5 Qa5 7.Rc1 Ne4 8.cxd5 Nxc3
9.Qd2 Qxa2 10.bxc3 Qxd2+ 11.Kxd2 Nd7 12.Bb5 O-O 13.Bxd7 Bxd7 14.e4 f5 15.e5
Rac8 16.c4 Rxc5 17.Be3 Rc7 18.f4 b6 19.Nf3 Rfc8 20.Kd3 Rd8 21.Nd4 a6 22.Ne6
Bxe6 23.Bxb6 Rcd7 24.Ke3 Rxd5 25.cxd5 Rxd5 26.Rc5 Kf7 27.Rxd5 Bxd5 28.Rg1 g5
29.g3 h5 30.h4 g4 31.Rc1 Bf8 32.Rc7 Ke6 33.Kd4 Bf3 34.Bc5 Bg2 35.Rc8 {#r} 1-0

[Event "?"]
[Site "masterchessopen.com Yugoslavia"]
[Round "0"]
[White "Sokolov Andrei (FRA)"]
[Black "Mukic Josko (CRO)"]
[Result "1-0"]
[WhiteElo "2600"]
[BlackElo "2327"]

1.d4 Nf6 2.c4 g6 3.Nc3 d5 4.Bf4 Bg7 5.e3 c5 6.dxc5 Qa5 7.Rc1 Ne4 8.cxd5 Nxc3
9.Qd2 Qxa2 10.bxc3 Qxd2+ 11.Kxd2 Nd7 12.Bb5 O-O 13.Bxd7 Bxd7 14.e4 f5 15.e5
Rfc8 16.c4 Rxc5 17.Be3 Rc7 18.f4 b6 19.Nf3 Rac8 20.Kd3 Rd8 21.Nd4 a6 22.Ne6
Bxe6 23.Bxb6 Rcd7 24.Ke3 Rxd5 25.cxd5 Rxd5 26.Rc5 Kf7 27.Rxd5 Bxd5 28.Rg1 g5
29.g3 h5 30.h4 g4 31.Rc1 Bf8 32.Rc7 Ke6 33.Kd4 Bf3 34.Bc5 Bg2 35.Rc8 {#r} 1-0

[Event "It (open)"]
[Site "masterchessopen.com Bargteheide (Germany)"]
[Round "0"]
[White "Strenzke Guenter (GER)"]
[Black "Christ Ralf (GER)"]
[Result "0-1"]
[WhiteElo "2068"]
[BlackElo "2287"]

1.d4 Nf6 2.c4 g6 3.Nc3 d5 4.Bf4 Bg7 5.e3 c5 6.dxc5 Qa5 7.Qa4+ Qxa4 8.Nxa4 O-O
9.Bd3 Na6 10.Rc1 Bd7 11.Nc3 Nxc5 12.Be2 dxc4 13.Bxc4 Rac8 14.Nge2 a6 15.b4 Ne6
16.Bxe6 Bxe6 17.O-O Nd5 18.Nxd5 Bxd5 19.Rxc8 Rxc8 20.Rc1 Rxc1+ 21.Nxc1 Bc4
22.e4 Bc3 23.Nb3 Bxb3 24.axb3 Bxb4 25.Kf1 Kf8 26.Ke2 Ke8 27.Kd3 Bc5 28.Bg3 Kd7
29.f3 Bd6 30.f4 Kc6 31.e5 Bc5 32.Be1 Kd5 33.g4 Ba3 34.Bd2 Bc5 35.h3 Bb6 36.Bc3
Bc7 37.h4 h5 38.gxh5 gxh5 39.Bd2 a5 40.Be3 b5 41.Bd2 Bb6 42.Be1 e6 43.Bd2 a4
44.bxa4 bxa4 45.Bb4 Bc5 {#R} 0-1

[Event "It (open)"]
[Site "masterchessopen.com Cannes (France)"]
[Round "0"]
[White "Villeneuve Alain (FRA)"]
[Black "Loret Stephan (FRA)"]
[Result "1-0"]
[WhiteElo "2261"]
[BlackElo "2060"]

1.d4 Nf6 2.c4 g6 3.Nc3 d5 4.Bf4 Bg7 5.e3 c5 6.dxc5 Qa5 7.Rc1 dxc4 8.Bxc4 O-O
9.Qa4 Qxa4 10.Nxa4 Bd7 11.b3 Na6 12.Nf3 Rac8 13.Ne5 Bxa4 14.Bxa6 bxa6 15.bxa4
Ne4 16.Nd3 Rfd8 17.Rc4 f5 18.f3 Rxd3 19.fxe4 Rc3 20.Rxc3 Bxc3+ 21.Kf2 fxe4
22.Rb1 Rxc5 23.Rb7 Bf6 24.g4 Rc2+ 25.Kg3 g5 26.Bb8 Rxa2 27.Rb4 a5 28.Rxe4 Rb2
29.Bxa7 Rb4 30.Kf3 Kf7 31.Bc5 Rb2 32.h3 Rh2 33.Bb6 Bc3 34.Bd8 Rxh3+ 35.Kg2 Rh6
36.Rxe7+ Kg8 37.Ra7 Re6 38.Kf3 Bb4 39.Bxa5 Rxe3+ 40.Kxe3 Bc5+ 41.Ke4 Bxa7
42.Bd2 h6 43.Be3 Bb8 44.a5 Kg7 45.Kf5 Kf7 46.a6 Kg7 47.a7 Bxa7 48.Bxa7 {#r}
1-0

[Event "It (open)"]
[Site "masterchessopen.com Copenhagen (Denmark)"]
[Round "0"]
[White "Kaunas Kestutis (LTU)"]
[Black "Thorsteins Karl (ISL)"]
[Result "1-0"]
[WhiteElo "2254"]
[BlackElo "2445"]

1.d4 Nf6 2.c4 g6 3.Nc3 d5 4.Bf4 Bg7 5.e3 c5 6.dxc5 Qa5 7.Qa4+ Qxa4 8.Nxa4 O-O
9.Nf3 Bd7 10.Nc3 dxc4 11.Bxc4 Rc8 12.Ne5 Be8 13.Rd1 Nc6 14.Nd3 Nd7 15.Ne4 Nde5
16.Nxe5 Nxe5 17.Bd5 Rc7 18.O-O Bb5 19.Rfe1 Rac8 20.b4 h6 21.Rd2 g5 22.Bg3 Kf8
23.Red1 b6 24.Bb3 bxc5 25.Rd8+ Be8 26.Nxc5 a5 27.Ba4 axb4 28.Bxe8 Rxd8 29.Rxd8
e6 30.Ba4+ Ke7 31.Re8+ Kf6 32.Nd3 Kf5 33.f3 {#r} 1-0

[Event "It (open)"]
[Site "masterchessopen.com Edinburgh (Scotland)"]
[Round "9"]
[White "Ballon Guenther Jan (NED)"]
[Black "Holmes Donald A (SCO)"]
[Result "1-0"]
[WhiteElo "2183"]
[BlackElo "2274"]

1.d4 Nf6 2.c4 g6 3.Nc3 d5 4.Bf4 Bg7 5.e3 c5 6.dxc5 Qa5 7.Qa4+ Qxa4 8.Nxa4 Ne4
9.f3 Bd7 10.fxe4 Bxa4 11.cxd5 Bxb2 12.Rb1 Bc3+ 13.Kf2 Nd7 14.Rc1 Nxc5 15.Kf3
Bb4 16.Rc4 a5 17.a3 Bd1+ 18.Be2 Bxe2+ 19.Nxe2 Bxa3 20.Rb1 f5 21.exf5 gxf5
22.Ng3 O-O 23.Rc3 Ne4 24.Nxe4 fxe4+ 25.Kxe4 Bb4 26.Rc7 Ra7 27.Be5 Rf2 28.g4
Ra2 29.Rc8+ Kf7 30.Rf1+ Kg6 31.Rg8+ Kh6 32.Bf4# 1-0

[Event "It (open)"]
[Site "masterchessopen.com Naleczow (Poland)"]
[Round "0"]
[White "Gerskovic Eduard (UKR)"]
[Black "Jezierski Piotr (POL)"]
[Result "1-0"]
[WhiteElo "2330"]
[BlackElo "2310"]

1.d4 Nf6 2.c4 g6 3.Nc3 d5 4.Bf4 Bg7 5.e3 c5 6.dxc5 Qa5 7.Qb3 O-O 8.Qb5 Qxb5
9.cxb5 Be6 10.Rc1 a6 11.Be5 axb5 12.Bxb5 Nbd7 13.Bd4 Rfc8 14.b4 Bg4 15.f4 Nb8
16.Nf3 Bd7 17.Bxd7 Nbxd7 18.O-O e6 19.a4 Ne8 20.Bxg7 Kxg7 21.a5 Nxc5 22.bxc5
Rxc5 23.Nd4 Rcxa5 24.Ncb5 R8a6 25.Nc7 Nxc7 26.Rxc7 Rb6 27.Rfc1 Ra2 28.R1c2
Rxc2 29.Nxc2 Kf6 30.Nd4 e5 31.fxe5+ Kxe5 32.Re7+ Kf6 33.Re8 Rb2 34.h4 b5
35.Kh2 b4 36.Kg3 Rb1 37.Rb8 Re1 38.Kf2 Rh1 39.Rb6+ {#r} 1-0

[Event "It (open)"]
[Site "masterchessopen.com Sevilla (Spain)"]
[Round "0"]
[White "Giorgadze Giorgi (GEO)"]
[Black "Ramos Domingo (JPN)"]
[Result "1-0"]
[WhiteElo "2470"]
[BlackElo "2259"]

1.d4 Nf6 2.c4 g6 3.Nc3 d5 4.Bf4 Bg7 5.e3 c5 6.dxc5 Qa5 7.Qb3 Ne4 8.Qb5+ Qxb5
9.Nxb5 Na6 10.cxd5 Bxb2 11.Rb1 Bf6 12.f3 Nexc5 13.e4 Bd7 14.Nh3 O-O 15.Be2
Rfc8 16.Kd2 Na4 17.Rhc1 N6c5 18.e5 Bg7 19.d6 Bxb5 20.Bxb5 exd6 21.exd6 a6
22.Bxa4 Nxa4 23.Rxc8+ Rxc8 24.Rxb7 Rd8 25.Rc7 Nb6 26.Rc6 Nd5 27.Rxa6 Nxf4
28.Nxf4 Be5 29.g3 Bxd6 30.Nd3 g5 31.a4 h5 32.Rc6 Kf8 33.Rb6 Ke7 34.Kc3 h4
35.gxh4 gxh4 36.h3 Rg8 37.a5 Rg3 38.a6 {#r} 1-0

[Event "It (cat.10)"]
[Site "masterchessopen.com Zenica (Bosnia & Herzegovina)"]
[Round "5"]
[White "Mihalcisin Adrian (SLO)"]
[Black "Popovic Petar (SRB)"]
[Result "0-1"]
[WhiteElo "2475"]
[BlackElo "2550"]

1.d4 Nf6 2.c4 g6 3.Nc3 d5 4.Bf4 Bg7 5.e3 c5 6.dxc5 Qa5 7.Qb3 Ne4 8.Qb5+ Qxb5
9.Nxb5 Na6 10.cxd5 Bxb2 11.Rb1 Bf6 12.f3 Nexc5 13.Bc4 Bf5 14.Rd1 Na4 15.e4 Bd7
16.Be2 O-O 17.Nh3 Nb4 18.a3 Na2 19.Kf2 N2c3 20.Nxc3 Nxc3 21.Rd2 Nxe2 22.Kxe2
Rfc8 23.e5 Bg7 24.Rb1 b6 25.Nf2 Rc3 26.Rd3 Rac8 27.Ne4 Rc2+ 28.Rd2 f5 29.Nf2
Rxd2+ 30.Kxd2 Rc5 31.Nd3 Rxd5 32.Ke3 h6 33.Rc1 g5 {#R} 0-1

[Event "It (open)"]
[Site "masterchessopen.com Debrecen (Hungary)"]
[Round "7"]
[White "Sagalchik Gennadij (USA)"]
[Black "Bagonyai Attila (HUN)"]
[Result "1-0"]
[WhiteElo "2442"]
[BlackElo "2343"]

1.d4 Nf6 2.c4 g6 3.Nc3 d5 4.Bf4 Bg7 5.e3 c5 6.dxc5 Qa5 7.Rc1 Ne4 8.cxd5 Nxc3
9.Qd2 Qxa2 10.bxc3 Qxd2+ 11.Kxd2 Nd7 12.Bb5 O-O 13.Bxd7 Bxd7 14.e4 f5 15.e5 e6
16.c4 Rfc8 17.Nf3 Rxc5 18.Be3 Rc7 19.d6 Rc6 20.Kd3 Ra6 21.Ra1 Rxa1 22.Rxa1 a6
23.Kd4 Rc8 24.c5 h6 25.h4 Bc6 26.Nd2 Bd5 27.g3 Kf7 28.f4 h5 29.Rb1 Ke8 30.Nc4
Bxc4 31.Rxb7 Bb5 32.Rxg7 Bd7 {#r} 1-0

[Event "It (open)"]
[Site "masterchessopen.com Gausdal (Norway)"]
[Round "0"]
[White "Skogen Sverre (NOR)"]
[Black "Carlhammar Magnus (SWE)"]
[Result "0-1"]
[WhiteElo "2220"]
[BlackElo "2306"]

1.d4 Nf6 2.c4 g6 3.Nc3 d5 4.Bf4 Bg7 5.e3 c5 6.dxc5 Qa5 7.Rc1 Ne4 8.cxd5 Nxc3
9.Qd2 Qxa2 10.bxc3 Qa5 11.Bc4 O-O 12.Nf3 Nd7 13.O-O Nxc5 14.Be5 Bxe5 15.Nxe5
f6 16.d6+ e6 17.Nf3 b5 18.Ba2 Rd8 19.Ra1 Qb6 20.Rfd1 Kg7 21.Qd4 Bb7 22.Rab1
Ne4 23.Qb4 Rxd6 24.Rxd6 Qxd6 25.Qxb5 Bc6 26.Qb2 e5 27.Bc4 a5 28.Ra1 a4 29.Bb5
a3 30.Qb3 Nc5 31.Qb4 Bxb5 32.Qxb5 a2 33.Qb2 Qa6 34.Ne1 Qa3 35.Qb6 Qxc3 36.Qc7+
Kg8 {#R} 0-1

[Event "Bundesliga 1990/91"]
[Site "masterchessopen.com Germany"]
[Round "0"]
[White "Kliewe Hans-Juergen (GER)"]
[Black "Fette Martin (GER)"]
[Result "0-1"]
[WhiteElo "2105"]
[BlackElo "2293"]

1.d4 Nf6 2.c4 g6 3.Nc3 d5 4.Bf4 Bg7 5.e3 c5 6.cxd5 Nxd5 7.Bxb8 Rxb8 8.Bb5+ Bd7
9.Bxd7+ Qxd7 10.Qb3 Nxc3 11.bxc3 O-O 12.Nf3 Rbc8 13.O-O cxd4 14.cxd4 Rc7
15.Rac1 Rfc8 16.Rxc7 Qxc7 17.g3 b6 18.Qa3 e6 19.Ne5 h5 20.h4 a5 21.Qb3 Bxe5
22.dxe5 Qxe5 23.Rb1 Rc6 24.Qa4 Rd6 25.Qe8+ Kg7 26.Qa4 Qc5 27.Rd1 b5 28.Qb3
Rxd1+ 29.Qxd1 Qc3 30.Qb1 Qc4 31.Qb2+ Kg8 32.Qd2 a4 33.a3 b4 34.axb4 a3 35.Kh2
a2 36.Qb2 Qa6 37.b5 a1=Q 38.bxa6 {#R} 0-1

[Event "It (open)"]
[Site "masterchessopen.com Groningen (Netherlands)"]
[Round "5"]
[White "Akopian Vladimir (ARM)"]
[Black "Peek Marcel (NED)"]
[Result "1-0"]
[WhiteElo "2550"]
[BlackElo "2365"]

1.d4 Nf6 2.c4 g6 3.Nc3 d5 4.Bf4 Bg7 5.e3 c5 6.dxc5 Qa5 7.Qb3 Ne4 8.Qb5+ Qxb5
9.Nxb5 Na6 10.cxd5 Nexc5 11.Rc1 O-O 12.Nc7 Nxc7 13.Rxc5 Na6 14.Bxa6 bxa6 15.b4
Bd7 16.Ne2 e5 17.Bg3 Rfd8 18.Nc3 f6 19.f4 exf4 20.Bxf4 g5 21.Bc7 Re8 22.Kf2 f5
23.g3 Rac8 24.Rc1 Bf8 25.d6 h6 26.Rd1 Re6 27.Rd3 Bg7 28.Ne2 Re4 29.a3 Kf7
30.Ke1 Ke6 31.Kd2 Be5 32.Ra5 Bf6 33.Nc1 Bb5 34.Nb3 Bxd3 35.Kxd3 Re5 36.Rxa6
Kf7 {#r} 1-0

[Event "Ch Lithuania"]
[Site "masterchessopen.com Klaipeda (Lithuania)"]
[Round "9"]
[White "Kaunas Kestutis (LTU)"]
[Black "Zagorskis Darius (LTU)"]
[Result "0-1"]
[WhiteElo "2295"]
[BlackElo "2497"]

1.d4 Nf6 2.c4 g6 3.Nc3 d5 4.Bf4 Bg7 5.e3 c5 6.dxc5 Qa5 7.Qa4+ Qxa4 8.Nxa4 Ne4
9.f3 Bd7 10.fxe4 Bxa4 11.cxd5 Bxb2 12.Rb1 Bc3+ 13.Ke2 Nd7 14.g4 Nxc5 15.Nh3
Bc2 16.Rc1 Bd3+ 17.Kd1 Bxf1 18.Rxf1 Nxe4 19.Nf2 Nxf2+ 20.Rxf2 Ba5 21.Rb2 Bb6
22.a4 h5 23.g5 O-O 24.Rb5 Rfc8 25.Rcb1 Kf8 26.Kd2 Rc4 27.a5 Bd8 28.Ra1 a6
29.Rxb7 Rc5 30.e4 Bxa5+ 31.Kd3 Bd8 32.Kd4 Rc2 33.Kd3 Rcc8 34.Rab1 a5 35.d6 a4
36.Rf1 a3 37.Be5 a2 38.Ba1 Rcb8 39.Rxb8 Rxb8 40.dxe7+ Bxe7 41.Rf2 Ra8 42.h4
Kg8 43.Kc4 Kf8 44.Kb3 Ra3+ 45.Kb2 Rh3 46.Kxa2 Rxh4 47.Bf6 Rxe4 48.Rc2 Ke8 {#R}
0-1

[Event "It (open)"]
[Site "masterchessopen.com Lyons (France)"]
[Round "0"]
[White "Ammann Philipp (SUI)"]
[Black "Riemersma Liafbern (NED)"]
[Result "0-1"]
[WhiteElo "2193"]
[BlackElo "2400"]

1.d4 Nf6 2.c4 g6 3.Nc3 d5 4.Bf4 Bg7 5.e3 c5 6.dxc5 Qa5 7.Rc1 Ne4 8.cxd5 Nxc3
9.Qd2 Nd7 10.bxc3 Nxc5 11.Qb2 Bd7 12.Qb4 Qxa2 13.Bc4 Qa4 14.Ne2 Rc8 15.O-O b5
16.Qxa4 Nxa4 17.Bd3 Nxc3 18.Nxc3 Rxc3 19.Rxc3 Bxc3 20.d6 f6 21.Rb1 b4 22.Bc4
e6 23.e4 a5 24.Kf1 Kf7 25.Ke2 Rc8 26.Kd3 a4 27.Be3 Rc6 28.Bf4 g5 29.Bg3 Rxc4
30.Kxc4 a3 31.Kb3 e5 32.Rd1 Be6+ 33.Rd5 Bxd5+ 34.exd5 Ke8 {#R} 0-1

[Event "Memorial Goldberg"]
[Site "masterchessopen.com Moscow (Russia)"]
[Round "8"]
[White "Kozlov Vladimir N (RUS)"]
[Black "Najdoski Toni (MKD)"]
[Result "1-0"]
[WhiteElo "2268"]
[BlackElo "2598"]

1.d4 Nf6 2.c4 g6 3.Nc3 d5 4.Bf4 Bg7 5.e3 c5 6.dxc5 Be6 7.Nf3 Qa5 8.Nd4 Nc6
9.Nxe6 fxe6 10.Qa4 Qxc5 11.Qb5 Qb6 12.Be2 O-O 13.O-O e5 14.Bg5 d4 15.Qxb6 axb6
16.Nd5 Ra6 17.b4 Ra4 18.b5 Nb4 19.Bxf6 exf6 20.Nxb6 Ra7 21.exd4 Nc2 22.Rad1
Nxd4 23.Bf3 Nxf3+ 24.gxf3 Rxa2 25.Rd7 f5 26.Rxb7 e4 27.c5 Bd4 28.c6 Bxb6
29.Rxb6 Rc2 30.Rb7 Rc8 31.fxe4 fxe4 32.Rd1 h5 33.Rdd7 h4 34.h3 e3 35.Rg7+ Kf8
36.fxe3 Ra8 37.Rbf7+ Ke8 38.Rg8+ Kxf7 39.Rxa8 Ke6 40.b6 Rxc6 41.b7 Rc1+ 42.Kf2
{#r} 1-0

[Event "It (open) \"]
[Site "masterchessopen.com Prague (Czech Republic)"]
[Round "3"]
[White "Gleizerov Evgeny (RUS)"]
[Black "Vodicka Vladimir (CZE)"]
[Result "1-0"]
[WhiteElo "2470"]
[BlackElo "2346"]

1.d4 Nf6 2.c4 g6 3.Nc3 d5 4.Bf4 Bg7 5.e3 c5 6.dxc5 Qa5 7.Nf3 Nc6 8.Rc1 Ne4
9.cxd5 Bxc3+ 10.bxc3 Nxc3 11.Qd2 Nxd5 12.Qxa5 Nxa5 13.Be5 O-O 14.Bb5 f6 15.Bb2
a6 16.Be2 Be6 17.O-O Rac8 18.Rfd1 Rc7 19.Nd4 Bf7 20.Bg4 f5 21.Bxf5 e5 22.Ne6
gxf5 23.Nxc7 Nxc7 24.Rd7 Ne6 25.Bxe5 Rc8 26.h4 b6 27.Rd6 Nxc5 28.Rxb6 Nc4
29.Rb8 Rxb8 30.Bxb8 Kg7 31.Ba7 Nd3 32.Rb1 Na3 33.Bd4+ Kf8 34.Rb8+ Ke7 35.Ra8
Bc4 36.Ra7+ Kf8 37.Rxh7 Bxa2 38.Ra7 Bc4 39.h5 Nb5 40.h6 {#r} 1-0

[Event "It (open)"]
[Site "masterchessopen.com Dortmund (Germany)"]
[Round "6"]
[White "Kiss Pal (HUN)"]
[Black "Berebora Ferenc (HUN)"]
[Result "1-0"]
[WhiteElo "2362"]
[BlackElo "2407"]

1.d4 Nf6 2.c4 g6 3.Nc3 d5 4.Bf4 Bg7 5.e3 c5 6.dxc5 Qa5 7.Rc1 Ne4 8.Ne2 e5
9.Bg3 d4 10.exd4 exd4 11.Nxd4 Nxc3 12.bxc3 O-O 13.Be2 Rd8 14.O-O Qxc5 15.Qb3
Nc6 16.Nxc6 Qxc6 17.Bf3 Qb6 18.Rfe1 Qxb3 19.axb3 a5 20.Bc7 Rf8 21.Re2 a4
22.Ra2 Be6 23.Rxa4 Rxa4 24.bxa4 Rc8 25.Bb6 Bxc4 26.a5 Ba6 27.c4 Be5 28.c5 Bc7
29.h3 Kf8 30.c6 Bxb6 31.axb6 bxc6 32.Rxc6 Rb8 33.b7 {#r} 1-0

[Event "Ch Netherlands (qual)"]
[Site "masterchessopen.com Enschede (Netherlands)"]
[Round "0"]
[White "Van Der Poel Henk (NED)"]
[Black "Van De Plassche Bas (NED)"]
[Result "1-0"]
[WhiteElo "2312"]
[BlackElo "2427"]

1.d4 Nf6 2.c4 g6 3.Nc3 d5 4.Bf4 Bg7 5.e3 c5 6.dxc5 Qa5 7.Qb3 O-O 8.Qb5 Qxb5
9.cxb5 Be6 10.Nf3 Rc8 11.Na4 Nfd7 12.Rc1 a6 13.Nd4 Bf5 14.Bxb8 Rcxb8 15.Nxf5
gxf5 16.bxa6 b5 17.cxb6 Nxb6 18.Nxb6 Rxb6 19.b3 f4 20.exf4 Re6+ 21.Kd1 Re4
22.g3 Rd4+ 23.Ke1 Re4+ 24.Kd2 Rd4+ 25.Ke3 Re4+ 26.Kf3 Rd4 27.Rc2 Rd1 28.Kg2 e6
29.Be2 Rd4 30.Rhc1 Bf8 31.Rc8 Ra7 32.R1c7 Rxc7 33.Rxc7 Rd2 34.Bh5 Rxa2
35.Bxf7+ Kh8 36.a7 Ra6 37.Bxe6 {#r} 1-0

[Event "Bundesliga 1990/91 (2nd)"]
[Site "masterchessopen.com Germany"]
[Round "0"]
[White "Laux Tino (GER)"]
[Black "Schlager Thomas (GER)"]
[Result "1-0"]
[WhiteElo "2290"]
[BlackElo "2262"]

1.d4 Nf6 2.c4 g6 3.Nc3 d5 4.Bf4 Bg7 5.e3 c5 6.dxc5 Qa5 7.Rc1 Be6 8.Qa4+ Qxa4
9.Nxa4 Nbd7 10.Nf3 Rc8 11.Nd4 Nxc5 12.Nxc5 Rxc5 13.b4 Rc8 14.Nxe6 fxe6 15.Be5
O-O 16.Be2 dxc4 17.Bxc4 Nd5 18.Bxg7 Kxg7 19.Ke2 b5 20.Bxd5 exd5 21.Rc5 Rxc5
22.bxc5 Rc8 23.Rc1 Kf6 24.Kd3 e5 25.f4 Ke6 26.g4 Rf8 27.c6 exf4 28.c7 Kd7
29.exf4 Kc8 30.Ke3 Rf7 31.Rc5 d4+ 32.Ke4 a6 33.f5 Rd7 34.Kd3 Rd6 35.h3 gxf5
36.gxf5 Rd7 37.f6 Rf7 38.Rc6 Rf8 39.Kxd4 Rf7 40.Kd5 {#r} 1-0

[Event "Bundesliga 1990/91 (2nd)"]
[Site "masterchessopen.com Germany"]
[Round "1"]
[White "Levitt Jonathan (ENG)"]
[Black "Mann Christian (GER)"]
[Result "1-0"]
[WhiteElo "2420"]
[BlackElo "2448"]

1.d4 Nf6 2.c4 g6 3.Nc3 d5 4.Bf4 Bg7 5.e3 c5 6.dxc5 Qa5 7.Rc1 dxc4 8.Bxc4 Qxc5
9.Nb5 Qb4+ 10.Kf1 O-O 11.a3 Qa5 12.b4 Qa6 13.Nc7 Qxa3 14.Nxa8 Nc6 15.Ne2 e5
16.Bg3 Bg4 17.Nc7 Qxb4 18.f3 Bf5 19.Kf2 Bh6 20.Qb3 Qa5 21.Nd5 Nxd5 22.Bxd5 Nb4
23.Rhd1 Qb6 24.Bc4 a5 25.Bxe5 a4 26.Qc3 {#r} 1-0

[Event "Ch Germany (juniors)"]
[Site "masterchessopen.com Germany"]
[Round "0"]
[White "Hammes Michael (GER)"]
[Black "Berndt Stephan (GER)"]
[Result "0-1"]
[WhiteElo "2393"]
[BlackElo "2441"]

1.d4 Nf6 2.c4 g6 3.Nc3 d5 4.Bf4 Bg7 5.e3 c5 6.Rc1 cxd4 7.exd4 O-O 8.Nf3 Nc6
9.Be2 dxc4 10.d5 Nb4 11.Bxc4 b5 12.Bxb5 Nbxd5 13.Bc6 Nxf4 14.Qxd8 Rxd8 15.Bxa8
Nd3+ 16.Kd2 Bh6+ {#R} 0-1

[Event "It (open)"]
[Site "masterchessopen.com Hallsberg (Sweden)"]
[Round "0"]
[White "McMichael Richard (ENG)"]
[Black "Hjelm Niclas (SWE)"]
[Result "0-1"]
[WhiteElo "2266"]
[BlackElo "2313"]

1.d4 Nf6 2.c4 g6 3.Nc3 d5 4.Bf4 Bg7 5.e3 c5 6.dxc5 Qa5 7.Rc1 dxc4 8.Qa4+ Qxa4
9.Nxa4 Bd7 10.Nc3 Na6 11.Bxc4 Nxc5 12.Nf3 O-O 13.O-O Rac8 14.Ne5 Be6 15.Bxe6
Nxe6 16.Bg3 Nh5 17.Nf3 Nxg3 18.hxg3 Rfd8 19.Rfd1 Rxd1+ 20.Rxd1 Bxc3 21.Rc1 Rc5
22.Rxc3 Rxc3 23.bxc3 f6 24.Kf1 Kf7 25.Ke2 Nc5 26.Nd2 e5 27.e4 Ke6 28.Ke3 Kd6
29.f4 Kc6 30.Nf3 Nd7 31.Kd3 Kc5 32.Kc2 Kb5 33.fxe5 Nxe5 34.Nxe5 fxe5 35.Kd3
Kc5 36.g4 g5 37.g3 h6 38.a4 b6 39.Kd2 Kc4 40.Kc2 a6 41.Kb2 Kd3 42.Kb3 a5 {#R}
0-1

[Event "Ch Bayern (qual)"]
[Site "masterchessopen.com Ingolstadt (Germany)"]
[Round "0"]
[White "Kuempers Ulrich (GER)"]
[Black "Fischer Sebastian (GER)"]
[Result "0-1"]
[WhiteElo "2080"]
[BlackElo "2271"]

1.d4 Nf6 2.c4 g6 3.Nc3 d5 4.Bf4 Bg7 5.e3 c5 6.dxc5 Qa5 7.Qa4+ Qxa4 8.Nxa4 O-O
9.Nc3 Be6 10.Nf3 dxc4 11.Ng5 Nd5 12.Nxd5 Bxd5 13.O-O-O e6 14.e4 Bc6 15.Bd6 Re8
16.e5 Nd7 17.f4 b6 18.Rd2 c3 19.bxc3 Nxc5 20.Bxc5 bxc5 21.Bc4 h6 22.Nh3 Rab8
23.Rhd1 f6 24.f5 gxf5 25.Nf4 Be4 26.Rd7 h5 27.Nxe6 Bh6+ 28.Nf4+ Kh8 29.g3 fxe5
30.R1d6 Rb6 31.Kd1 exf4 {#R} 0-1

[Event "It (open) \"]
[Site "masterchessopen.com Moscow (Russia)"]
[Round "0"]
[White "Gaffney Matt (USA)"]
[Black "Paglietti Nicola (ITA)"]
[Result "0-1"]
[WhiteElo "2055"]
[BlackElo "2273"]

1.d4 Nf6 2.c4 g6 3.Nc3 d5 4.Bf4 Bg7 5.e3 c5 6.Nf3 cxd4 7.exd4 O-O 8.c5 Nc6
9.a3 Re8 10.Be2 Bf5 11.b4 Ne4 12.Na4 Bg4 13.Ne5 Bxe2 14.Qxe2 Nxd4 15.Qd1 Ne6
16.g3 g5 {#R} 0-1

[Event "It (open)"]
[Site "masterchessopen.com Bochum (Germany)"]
[Round "2"]
[White "Kaiser Dr Thomas (GER)"]
[Black "Schwebel Markus (GER)"]
[Result "0-1"]
[WhiteElo "2261"]
[BlackElo "2166"]

1.d4 Nf6 2.c4 g6 3.Nc3 d5 4.Bf4 Bg7 5.e3 c5 6.dxc5 Qa5 7.Qa4+ Qxa4 8.Nxa4 Ne4
9.cxd5 Bd7 10.f3 Bxa4 11.fxe4 Bxb2 12.Rb1 Bc3+ 13.Kf2 Nd7 14.Bb5 Bxb5 15.Rxb5
a6 16.Rxb7 Nxc5 17.Rc7 Nxe4+ 18.Kf3 Nd2+ 19.Ke2 Ne4 20.Kd3 Nf2+ 21.Kxc3 Nxh1
22.Nh3 f6 23.e4 g5 24.Be3 Kf7 25.Bc5 Rhc8 26.Rxe7+ Kf8 27.Rc7+ Ke8 28.d6 Rxc7
29.dxc7 Kd7 30.Bd4 Rc8 31.Bxf6 Rxc7+ 32.Kd3 h6 33.Bg7 Rc6 34.Ke3 Ke7 35.a3 Kf7
36.Be5 Rc2 37.Kf3 Kg6 38.g4 Ra2 39.Bd6 Rb2 40.Ng1 Nf2 41.e5 Nxg4 42.h4 Kf5
43.hxg5 hxg5 44.Nh3 Nxe5+ 45.Bxe5 g4+ {#R} 0-1

[Event "Bundesliga 1991/92"]
[Site "masterchessopen.com Germany"]
[Round "0"]
[White "Rodewis Thomas (GER)"]
[Black "Weischede Thomas (GER)"]
[Result "1-0"]
[WhiteElo "2337"]
[BlackElo "2276"]

1.d4 Nf6 2.c4 g6 3.Nc3 d5 4.Bf4 Bg7 5.e3 c5 6.dxc5 Qa5 7.Rc1 Ne4 8.cxd5 Nxc3
9.Qd2 Qxa2 10.bxc3 Qa5 11.Bc4 Nd7 12.Nf3 Qxc5 13.Qd3 O-O 14.O-O a6 15.e4 b5
16.Ba2 Qa3 17.Bb1 Bb7 18.Rfd1 Rfc8 19.e5 Nb6 20.e6 Rxc3 21.exf7+ Kh8 22.Rxc3
Qxc3 23.Qe4 Nxd5 24.Be5 Qc6 25.Nd4 Qc8 26.Ne6 Nf6 27.Nxg7 Kxg7 28.Bxf6+ Kxf6
29.f8=Q+ Qxf8 30.Qxb7 Qc8 31.Qe4 Qe8 32.Ba2 e5 33.Rd6+ Kg7 {#r} 1-0

[Event "It (open)"]
[Site "masterchessopen.com Goch (Germany)"]
[Round "7"]
[White "Kaunas Kestutis (LTU)"]
[Black "Jacobs Joachim Dr (GER)"]
[Result "1-0"]
[WhiteElo "2254"]
[BlackElo "2155"]

1.d4 Nf6 2.c4 g6 3.Nc3 d5 4.Bf4 Bg7 5.e3 c5 6.dxc5 Qa5 7.Qa4+ Qxa4 8.Nxa4 Ne4
9.f3 Bd7 10.fxe4 Bxa4 11.cxd5 Bxb2 12.Rb1 Bc3+ 13.Kf2 Nd7 14.Rc1 Bg7 15.c6
bxc6 16.dxc6 Nb6 17.Ba6 O-O 18.Nf3 f5 19.exf5 Rxf5 20.g4 Ra5 21.Bb7 Rf8 22.c7
Nc8 23.Bxc8 Rxc8 24.Rhd1 Bxd1 25.Rxd1 Rxa2+ 26.Kg3 Rf8 27.Rd7 Rc2 28.Rxe7 a5
29.Bd6 Rc6 30.Rd7 a4 31.Bxf8 Bxf8 32.Ne5 Rc3 33.Rd8 Rxc7 34.Nd7 a3 35.Nxf8 a2
36.Nxg6+ Kg7 37.Ra8 hxg6 38.Rxa2 Rd7 39.Kf4 {#r} 1-0